Star Wars Knights of the Old Republic 2 Hard Knowledge Quiz - Statistics

General Stats
  • This quiz has been taken 24 times
  • The average score is 7 of 20
Answer Stats
Question Answer % Correct
What is the designation of the series of assassin droids trying to capture the player throughout the game, the first of which orchestrates the events of Peragus II? HK-50
91%
What is the name of the Republic ship that you must cross through to get to the hangar bay of Peragus II? The Harbinger
73%
Name one of the two claimants to the throne of Onderon in the Civil War that occurs on the planet. Queen Talia/General Vaklu
64%
On Malachor V, there is a machine that you must activate to destroy the planet's remaining surface playing as Bao-Dur's remote. What is this machine called? Mass Shadow Generator
55%
What is the name of the facility with Kreia and the Dark Jedi on Malachor V? Trayus Academy
55%
Vogga the Hutt is a crime lord on Nar Shaddaa in the docks area. What resource does he have that can help with a quest relating to Telos and Peragus? Fuel
50%
Which Jedi Master do you find dead on Korriban? Lonna Vash
45%
What creatures are in the crystal caves on Dantooine that Zherron wants you to clear out? Kinrath
41%
What is the name of the person who is impersonated by an assassin on Telos in an attempt to kill/capture the player? Batu Rem
36%
Who was the leader of the security forces on Telos? Dol Grenn
32%
There is a protocol droid on Dantooine that can be repaired to recover a conversation about the player between Master Vrook and another Dantooine Jedi Master from the first KOTOR. Which jedi master does he speak to? Vandar Tokare
32%
Which dark side creatures attack the player if they disturb the bodies outside on Korriban? Hssiss
27%
On Dxun, you must kill and slice the ear off of a large creature in the jungle to impress Mandalore. What creature is this? Zakkeg
27%
Whose hydrospanner is in some of the sentry droids in the Khoonda administration building? Akkere
23%
In order to gain access to Czerka Corporations files on Telos, you must use their administrative droid as a spy. What is this droids designation? B4-D4
23%
What is the fighting arena the Mandalorian warriors use in their camp on Dxun called? The Battle Circle
23%
Why couldn't Coorta and his associates get out of the miner's dormitory level at the turbolift on Peragus II? The Code was reversed
18%
On Onderon, you must clear a friend of Mandalore of the murder of Captain Sullio in order to contact Master Kavar in the palace. What is the name of Mandalore's friend? Dhagon Ghent
14%
On Nar Shaddaa, there is a crew who is looking for their captain, who can be found drinking in the Jekk Jekk Tarr. What is the name of the ship? The Lunar Shadow
14%
Who helps you smuggle T3-M4 into the droid warehouse to get the ship ID numbers for Nar Shaddaa's finale? The Champ
5%
No matching quizzes found
Score Distribution
Percent of People with Each Score
Percentile by Number Answered
Your Score History
You have not taken this quiz